000 00624nam a22001457a 4500
020 _a978-81-264-1895-4
082 _a894.812.3
_bECH/S
100 _aECHIKKANAM, SANTHOSH
245 _aKOMALA
260 _aKOTTAYAM
_bDC BOOKS
_c2023
300 _a83
520 _aIn Komala Santhosh Echikanam recount a common man named Kundoor Viswan, who had been a surety to get 50,000 rupees from Velloor Service Sahakarana Bank for his childhood friend Sudakaran. Later, the gullible Viswan came to know that the amout accumulated to 90,345 and Sudakaran did not paid a single installment ...
650 _aMALAYALAM STORY
942 _cBK
999 _c6787
_d6787